Hračka za 8 miliónov

Bibliographic Details
Main Author: Lojdl, Andrej (Author)
Format: Article
Language:Slovak
PhysicalDescription:Fotogr.
ISSN:0139-6323
Subjects:

MARC

LEADER 00000nab a2200000 ar4500
001 vtls008691676
003 SK-MaSNL
005 20260303073751.0
008 060419c2006 xo wr|p|||||||000 b|slo
015 |a SNBRB2006/04 
038 |a SNSK 
040 |a SNSK  |b slo  |c SNSK  |e AACR2 
041 0 |a slo 
044 |a xo  |c SK 
080 |a 629.331.1  |2 2001 
100 1 |a Lojdl, Andrej  |4 aut  |9 901786 
245 1 0 |a Hračka za 8 miliónov  |c Andrej Lojdl 
300 |b Fotogr. 
650 0 7 |a Ferrari 599 GTB Fiorano (osobný automobil)  |2 snsk  |9 1075832 
650 0 7 |a osobné automobily  |2 snsk  |9 26643 
650 0 7 |a technické parametre  |2 snsk  |9 452097 
773 0 |t Život  |g Roč. 56, č. 11 (2006), s. 66-67  |x 0139-6323 
852 |a SNSK  |b KIS3GCP 
999 |c 1769080  |d 1771010